Teoría general del Derecho.
-д хадгалсан:
| Үндсэн зохиолч: | |
|---|---|
| Бусад зохиолчид: | |
| Формат: | Ном |
| Хэл сонгох: | испани |
| Хэвлэсэн: |
Madrid, España:
Ediciones Rialp,
1962.
|
| Цуврал: | Monografías, 18.
|
| Нөхцлүүд: | |
| Шошгууд: |
Шошго нэмэх
Шошго байхгүй, Энэхүү баримтыг шошголох эхний хүн болох!
|
MARC
| LEADER | 00000nam a2200000 a 4500 | ||
|---|---|---|---|
| 001 | UCS6597 | ||
| 003 | CL-VaPUC | ||
| 005 | 20220822114332.0 | ||
| 008 | 970926e19620000SP |||||||||||||||||spa|d | ||
| 999 | |c 262242 |d 262240 | ||
| 040 | |c Pontificia Universidad Católica de Valparaíso | ||
| 082 | 0 | 4 | |a 340.1 NAW 1962 |2 21 |
| 100 | |a Nawiasky, Hans |e autor |9 391935 | ||
| 245 | 1 | 0 | |a Teoría general del Derecho. |
| 260 | |a Madrid, España: |b Ediciones Rialp, |c 1962. | ||
| 300 | |a 414 páginas. | ||
| 490 | 0 | |a Monografías, 18. | |
| 500 | |a c.2 Donación Familia Prof. Alejandro Guzmán Brito. | ||
| 583 | |a last modification |c 19970926 00:00:00 |k Rodrigo Vera | ||
| 650 | 0 | |a Teoría del derecho |9 255982 | |
| 650 | 0 | |a Derecho subjetivo |9 256705 | |
| 650 | 0 | |a Fuentes del derecho |9 255162 | |
| 650 | 0 | |a Normas jurídicas |9 258310 | |
| 650 | 0 | |a Ordenamiento jurídico |9 355371 | |
| 650 | 0 | |a Derecho privado |9 258243 | |
| 650 | 0 | |a Derecho público |9 255910 | |
| 700 | |a Zafra Valverde, José |9 376186 |e traducción de la segunda edición en lengua alemana | ||
| 942 | |c BK |2 ddc |n 0 | ||
| 945 | |d 19970926 00:00:00 |a lriquelm | ||
| 952 | |0 0 |1 0 |4 0 |6 340_100000000000000_NAW_1962 |7 0 |8 DER_TF |9 290504 |a BIBDER |b BIBDER |d 2019-11-19 |i 1885545 |o 340.1 NAW 1962 |p 1885545 |r 2023-01-25 |w 2019-11-19 |x Ubicación 4to Piso |y BK_X |z Estos recursos deben solicitarse con anticipación |k DER | ||